|
|
|
|
| LEADER |
00000cam a2200000 a 4500 |
| 001 |
vtls008301379 |
| 003 |
SK-MaSNL |
| 005 |
20260302003532.0 |
| 008 |
240226s2005 xo a d 000 0 slo |
| 015 |
|
|
|a SNBA2006/07-03970
|
| 020 |
|
|
|a 808919222X
|q (brož.)
|
| 035 |
|
|
|a 06DC9D90-C498-435C-9CED-4DE162BD4B35
|
| 035 |
|
|
|a urn:nbn:sk:snk-aml9if
|
| 035 |
|
|
|a urn:nbn:sk:snk-am008rim
|
| 040 |
|
|
|a SNK
|b slo
|c SNK
|e AACR2
|
| 041 |
0 |
|
|a slo
|
| 044 |
|
|
|a xo
|c SK
|
| 072 |
|
7 |
|a 811.162.4
|x Slovenčina
|2 konspekt
|
| 080 |
|
|
|a (075.3)
|2 2001
|
| 080 |
|
|
|a 811.162.4
|2 2001
|
| 100 |
1 |
|
|a Krajčovičová, Jarmila,
|d 1961-
|4 aut
|9 213384
|
| 245 |
1 |
0 |
|a Slovenský jazyk I pre gymnáziá s osemročným štúdiom
|c Jarmila Krajčovičová, Katarína Balážiková ; [ilustroval Alexej Vojtášek]
|
| 250 |
|
|
|a 2. vyd.
|
| 260 |
|
|
|a Bratislava
|b OG - Vydavateľstvo Poľana
|c 2005
|
| 300 |
|
|
|a 151 s.
|b fareb. ilustr.
|c 25 cm
|
| 500 |
|
|
|a Ilustr. na tit. strane a front.
|
| 650 |
0 |
7 |
|a slovenčina
|2 SNKPH
|9 1350
|
| 655 |
|
7 |
|a učebnice stredných škôl
|2 SNKPH
|9 69323
|
| 700 |
1 |
|
|a Balážiková, Katarína,
|d 1942-
|4 aut
|9 89374
|
| 700 |
1 |
|
|a Vojtášek, Alexej,
|d 1952-2023
|4 ill
|9 88777
|
| 919 |
|
|
|a 80-89192-22-X
|
| 958 |
|
|
|a OND
|
| 999 |
|
|
|c 992386
|d 994316
|
| 952 |
|
|
|a SNK
|b SNK
|y PREZ
|7 0
|p 17A0514289
|o snkSC 124367/1
|i snk2006/14088
|8 0
|0 0
|1 0
|4 0
|d 2006-07-17
|f 1
|l 0
|r 2025-06-06 00:00:00
|w 2026-02-24
|
| 952 |
|
|
|a SNK
|b SNK
|y VYP
|7 0
|p 17A0514288
|o snkSC 124367/1 D1
|i snk2006/14089
|8 0
|0 0
|1 0
|4 0
|d 2006-07-17
|l 0
|r 2026-02-24 11:53:36
|w 2026-02-24
|